Z rokovania Predsedníctva Rady Združenia miest a obcí na Slovensku

Bibliographic Details
Format: Article
Language:Slovak
Subjects:

MARC

LEADER 00000nab a2200000 a 4500
001 vtls000436003
003 SK-MaSNL
005 20260302233456.0
008 120925c1991 xo 0 slo
015 |a SNBRB19rr/mm-uuuuu 
035 |a CL0436131 
040 |a SNKBUCL  |b slo  |c SNKBUCL  |e AACR2 
041 0 |a slo 
044 |a xo  |c SK 
080 |a 352(437.6):061.25:061.21  |2 1981 
080 |a 061.25  |2 1981 
080 |a 061.21  |2 1981 
080 |a 061.3  |2 1981 
245 0 0 |a Z rokovania Predsedníctva Rady Združenia miest a obcí na Slovensku 
610 2 7 |a Združenie miest a obcí Slovenska  |2 snkbucl  |9 30200 
655 7 |a články z novín a časopisov  |2 snkbucl  |9 267496 
773 0 |t Obecné noviny  |g Roč. 1, č. 30 (1991), s. 3 
850 |a Slovenská národná knižnica v Martine  |a MTA001 
852 |a SNK  |b KIS3GCP 
958 |a RK 
992 |a RBX 
999 |c 1546621  |d 1548551